Stephen Biesty's cross-sections man-of-war

Bibliographic Details
Main Author: Platt, Richard
Format: Book
Published: London : Dorling Kindersley , 1993
Series:Incredible cross-sections
Subjects:

MARC

LEADER 00000cam a2200000 7i4500
001 0000004109
002 000004421
005 20000330.0
020 |a 0751350451 
090 0 0 |a 355.02   |b PLA 
100 1 |a Platt, Richard 
245 1 0 |a Stephen Biesty's cross-sections man-of-war   |c Richard Platt 
260 |a London :   |b Dorling Kindersley ,   |c 1993 
300 |a 27p. :   |b ill. ;   |c 32cm. 
490 0 |a Incredible cross-sections 
650 0 0 |a Military art and science 
650 0 0 |a War 
999 |a 037296   |b BUKU   |c RUJUKAN   |e PERPUSTAKAAN KOMUNITI PETALING JAYA